• 首页
  • 本馆介绍
  • 公告通知
  • 最新文献
  • 馆藏检索
  • 电子资源
  • 读者导购
  • 参考咨询
  • 我的图书馆
  • 登录
  • 详细信息显示
  • 放入我的书架
  • 预约/预借图书
  • 作者相关作品
  • 分类相关作品
  • 丛书相关作品
  • 出版社相关作品

书目信息

  • 表格格式
  • 工作单格式
  • 卡片格式
题名:
杨树抗冻性机理及分子生物学研究
    
 
作者: 林善枝 , 张志毅 著
分册:  
出版信息: 北京   中国环境科学出版社  2004
页数: 11,225页
开本: 20cm
丛书名: 北京林业大学优秀博士论文基金资助丛书
单 册:
中图分类: S763.19
科图分类:
主题词: 毛白杨--分子生物学--研究 , 毛白杨 , 毛白杨--抗冻性--研究 , 分子生物学 , 抗冻性 , 森林--保护学 , 森林--保护
电子资源:
ISBN: 7-80163-845-X
000 01179oam2 2200337 450
001 002793276
005 20061101164910.15
010    @a7-80163-845-X@dCNY20.00
100    @a20050104d2004 kemy0chiy0110 ea
101 0  @achi
102    @aCN@b110000
105    @ay z 000yy
200 1  @a杨树抗冻性机理及分子生物学研究@9yang shu kang dong xing ji li ji fen zi sheng wu xue yan jiu@f林善枝,张志毅著
210    @a北京@c中国环境科学出版社@d2004
215    @a11,225页@d20cm
225 2  @a北京林业大学优秀博士论文基金资助丛书
308    @a丛书第二辑
330    @a本书以毛白杨品种为试材,首先对毛白杨幼苗抗冻性的低温诱导条件进行系统研究。其次,以细胞抗冻性及膜稳定性的相关生理化指标为依据,阐明了其抗冻性提高和冻害发生的可能机理。
461  0 @12001 @a北京林业大学优秀博士论文基金资助丛书
606 0  @a毛白杨@x分子生物学@x研究
606 0  @a毛白杨
606 0  @a毛白杨@x抗冻性@x研究
606 0  @a分子生物学
606 0  @a抗冻性
606 0  @a森林@x保护学
606 0  @a森林@x保护
690    @aS763.19@v4
701  0 @a林善枝@9lin shan zhi@f(1966~)@4著
701  0 @a张志毅@9zhang zhi yi@f(1958~)@4著
801  0 @aCN@bNLC@c20061101
905    @a10447@dS763.19@e21
    
    杨树抗冻性机理及分子生物学研究/林善枝,张志毅著.-北京:中国环境科学出版社,2004
    11,225页;20cm.-(北京林业大学优秀博士论文基金资助丛书)
    
    
    ISBN 7-80163-845-X:CNY20.00
    本书以毛白杨品种为试材,首先对毛白杨幼苗抗冻性的低温诱导条件进行系统研究。其次,以细胞抗冻性及膜稳定性的相关生理化指标为依据,阐明了其抗冻性提高和冻害发生的可能机理。
●
相关链接 在E读中查询图书 在五车中查询图书 在当当中查询图书 在豆瓣中查询图书


正题名:杨树抗冻性机理及分子生物学研究     索取号:S763.19/21         预约/预借

序号 登录号 条形码 馆藏地/架位号 状态 备注
1 0387601   203876010   第二样本阅览室/ [索取号:S763.19/21] 在馆    
2 0387602   203876029   第三借阅区/ [索取号:S763.19/21] 在馆    
3 0387603   203876038   第三借阅区/ [索取号:S763.19/21] 在馆    
4 0387604   203876047   第三借阅区/ [索取号:S763.19/21] 在馆    
5 0387605   203876056   第三借阅区/ [索取号:S763.19/21] 在馆    
唐山师范学院图书馆 欢迎您!
大连网信软件有限公司© 版权所有